000 02130nam a2200589 i 4500
001 40787
003 KOSZ 005
005 20211217100805.0
008 020304s2001 pl a |001 0 pol
015 _aUWD 2002/4401
020 _a8320426189
035 _a991017803389705066
035 _a(PL-WaBN)b14818267-48omnis_nlop
035 _ab14818267
035 _a(OCoLC)749908748
035 _azz2005904033
035 _a(PL)b0000001481826
035 _a(EXLNZ-48OMNIS_NETWORK)9910404923305606
040 _aWA N
_cWA N
_dKOSZ 005/HR
041 1 _apol
_heng
046 _k2001
080 _a004.438
080 _a004.652
080 _a(075.8)
100 1 _aBooch, Grady
_d(1955- )
_eAutor
245 1 0 _aUML - przewodnik użytkownika /
_cGrady Booch, James Rumbaugh, Ivar Jacobson ; z ang. przeł. Krzysztof Stencel.
246 1 _iTyt. oryg.:
_aUnified modeling language user guide, 1999
246 3 _aUnified modeling language - przewodnik użytkownika
260 _aWarszawa :
_bWydawnictwa Naukowo-Techniczne,
_c2001.
300 _aXXV, [1], 507, [1] s. :
_bil. ;
_c25 cm.
336 _aTekst
_btxt
_2rdacontent
337 _aBez urządzenia pośredniczącego
_bn
_2rdamedia
338 _aWolumin
_bnc
_2rdacarrier
380 _aKsiążki
380 _aPublikacje dydaktyczne
385 _mPoziom nauczania
_aSzkoły wyższe
388 _a2001-
490 1 _aInżynieria Oprogramowania
504 _aBibliogr. Indeks.
521 8 _aPodręcznik akademicki.
650 7 _aUML (język programowania)
_2DBN
655 7 _aPodręczniki akademickie
_2DBN
658 _aInformatyka i technologie informacyjne
700 1 _aJacobson, Ivar
_d(1939- )
_eAutor
700 1 _aRumbaugh, James
_d(1947- )
_eAutor
700 1 _aStencel, Krzysztof
_eTłumaczenie
710 2 _aWydawnictwa Naukowo-Techniczne
_4pbl
830 0 _aInżynieria Oprogramowania (Wydawnictwa Naukowo-Techniczne)
856 _uhttp://koha.tu.koszalin.pl/cgi-bin/koha/opac-detail.pl?biblionumber=40787
_yKatalog online BPK
942 _2UKD
_cKS
999 _c40787
_d40787